MARC

Tag First Indicator Second Indicator Subfields
LEADER 00000nam a22000001i 4500
001 in00004559513
003 OCoLC
005 20220301145231.1
006 m |o d |
007 cr |n|||||||||
008 220301s2022 mau ob 001 0 eng d
024 8 |a 40030993668 
035 |a (OCoLC)1298387521 
040 |a NhCcYBP  |b eng  |e rda  |e pn  |c NhCcYBP 
020 |a 9780674276208 (electronic bk.) 
020 |a 0674276205 (electronic bk.) 
020 |z 9780674249141 
020 |z 0674249143 
043 |a e-gx--- 
050 4 |a HX806  |b .A6833 2022 
082 0 4 |a 335/.020943  |2 23 
100 1 |a Allen, Jennifer L.,  |d 1984-  |e author. 
245 1 0 |a Sustainable utopias :  |b the art and politics of hope in Germany /  |c Jennifer L. Allen. 
264 1 |a Cambridge, Massachusetts :  |b Harvard University Press,  |c 2022. 
300 |a 1 online resource (1 volume) :  |b illustrations. 
336 |a text  |b txt  |2 rdacontent 
337 |a computer  |b c  |2 rdamedia 
338 |a online resource  |b cr  |2 rdacarrier 
504 |a Includes bibliographical references and index. 
505 0 |a Part I. New geographies of cultural engagement: The rise of the spatial interventionists -- A workshop of "history from below" -- Green culture -- Part II. The pursuit of a sustainable alternative: A sustainable cultural politics -- A sustainable historical practice -- A sustainable aesthetics -- Conclusion: The fate of sustainable utopia. 
588 |a Description based on print version record. 
610 2 0 |a Grünen (Political party) 
610 2 0 |a Berliner Geschichtswerkstatt. 
610 2 7 |a Grünen (Political party)  |2 fast  |0 (OCoLC)fst00552643 
650 0 |a Green movement  |z Germany  |x History  |y 20th century. 
650 0 |a Utopias  |x Political aspects  |z Germany  |x History  |y 20th century. 
650 0 |a Utopias in art. 
650 0 |a Art  |x Political aspects  |z Germany  |x History  |y 20th century. 
650 0 |a Political participation  |z Germany  |x History  |y 20th century. 
650 0 |a Sustainability  |z Germany  |x History  |y 20th century. 
650 7 |a Art  |x Political aspects.  |2 fast  |0 (OCoLC)fst00815309 
650 7 |a Green movement.  |2 fast  |0 (OCoLC)fst00947621 
650 7 |a Political participation.  |2 fast  |0 (OCoLC)fst01069386 
650 7 |a Sustainability.  |2 fast  |0 (OCoLC)fst01747391 
650 7 |a Utopias in art.  |2 fast  |0 (OCoLC)fst01163371 
651 7 |a Germany.  |2 fast  |0 (OCoLC)fst01210272 
655 7 |a Electronic books.  |2 local 
710 2 |a ProQuest (Firm) 
776 1 8 |c Original  |z 9780674249141  |z 0674249143  |w (DLC) 2021034396  |w (OCoLC)1263246397 
856 4 0 |u https://ebookcentral.proquest.com/lib/tamucs/detail.action?docID=6884428  |z Connect to the full text of this electronic book  |t 0 
945 |b 227983 
955 |a YBP purchased approval e-records 
980 |b ebook  |c 40030993668  |f NONFIC/B  |g 565751  |k USD  |m 80.50  |q 1  |s AcqMono Conventional  |t Approval plan  |u Vendor order reference number  |v ZYBP  |y E-approvals  |z Electronic resource 
999 f f |i cb2a9ca4-c44d-444b-9944-475d48b95350  |s 81581d6e-d948-44b7-8b04-24f25265da2f  |t 0 
952 f f |a Texas A&M University  |b College Station  |c Electronic Resources  |s www_evans  |d Available Online  |t 0  |e HX806 .A6833 2022  |h Library of Congress classification